| 000 | 00497cam a2200181ua 4500 | ||
|---|---|---|---|
| 001 | 12097 | ||
| 008 | 200218n ii |||gr||||Z||||||eng | ||
| 020 | _a9788126916221 | ||
| 040 | _cMAIN | ||
| 082 | _a331.702 | ||
| 100 |
_aSushil Kumar Srivastava, _eAuthor. |
||
| 245 |
_aMAIN counselling and planning _cBy Sushil Kumar Srivastava |
||
| 250 | _a2nd rev ed. | ||
| 260 |
_aNew Delhi: _bAtlantic publishers and distributors, _c2011. |
||
| 300 | _a366p. | ||
| 653 | _aLabor economics | ||
| 942 | _cBK | ||
| 999 |
_c10869 _d10869 |
||